000 00748nam a2200181 i 4500
001 90705
003 ES-MaACL
005 20230906180534.0
007 t|
008 050124s1924 sp ||||1| spa d
100 1 _aLeichsenring
_cDr.
_971372
245 1 3 _aLa parálisis recurrencial curativa, su éxito curativo y la ley de Semons y Rosenbach /
_cpor el Dr. Leichsenring ; [traducción de García Mingarro].
260 _aMadrid :
_b[s.n.],
_c[1924] (
_fTalleres Poligráficos)
300 _a42 p. ;
_c21 cm.
500 _aEn la cubierta: Publicado en "Los Progresos de la Clínica", tomo XXVII, número 145, enero de 1924.
700 1 _aGarcía Mingarro
_c, Dr.
_9149262
852 _aES-MaACL
_j1667-F-7
_z.-Dedicatoria manuscrita del traductor
999 _c90705
_d90705